000 00576cam a22002053a 4500
001 38525
003 PGUSA
005 20140828083841.0
008 120108s2012||||xxu|||||s|||||000 | eng d
040 _aPGUSA
_beng
042 _adc
100 1 _aCavendish, Georgiana
245 1 4 _aThe Sylph, Volume I and II
_h[electronic resource] /
_cGeorgiana Cavendish
260 _bProject Gutenberg,
_c2012
506 _aPublic domain in the USA.
516 _aElectronic text
830 0 _aProject Gutenberg
_v38525
856 4 0 _uhttp://www.gutenberg.org/ebooks/38525
942 _cEB
999 _c267779
_d267779